01250nam a2200157 4500008001300000020001800013082001800031100001900049245008300068260004700151300003600198440010100234505064800335600008600983700002301069701.18 C386c a9789968899376 a701.18bC386c aCazali, Rosina aCertezas Vulnerables: bcrónicas de los debates artísticos desde Guatemala aSan José, Costa RicabTEOR/éTicac2017 a228 p.bil. (col)c22 x 16.5 cm aEscrituras locales. Posiciones críticas desde América Central, el Caribe y sus diásporas 3 tPresentacióntArte, guerra y posguerratHabía una vez Centroamérica (1996/1997)tEl arte de los noventas en Guatemala: saliendo de la olla de cangrejos (2000/2001)tPanamá sin distancias o el dibujo de una cartografía sentimental (2006)tMargarita Rita Rica Dinamita (2009)tNo somos eso, ni lo otro, ni lo opuesto. Entrecruces entre literatura y performance en la década de los noventa (2012)tSer contemporáneo. Desde aquí (2014)tChao, metáfora: performance y violencia en Guatemala (2015)tLa vigencia del ser político en el arte (2015)tContra la ilusión de un pasado conciliatorio. Conversación con Rosina Cazali. xarte contemporáneoxarte - centroaméricaxarte - crítica e interpretación aLópez, Miguel A.